| 000 | 00560nam a2200193Ia 4500 | ||
|---|---|---|---|
| 008 | 151119s9999||||xx |||||||||||||| ||und|| | ||
| 082 | _a813.4 | ||
| 082 | _bGKKV9838 | ||
| 100 | _a"गार्डनर, अर्ल" | ||
| 245 | _aअजब गुंतागुंत | ||
| 260 | _a-- | ||
| 260 | _b-- | ||
| 260 | _c0 | ||
| 600 | _a"गार्डनर, अर्ल" | ||
| 630 | _aअजब गुंतागुंत | ||
| 700 | _a"गार्डनर, अर्ल" | ||
| 730 | _aअजब गुंतागुंत | ||
| 942 | _cBOOK | ||
| 999 |
_c1064070 _d1064067 |
||